Optimálne umiestnenie skladových a recyklačných centier/ zberných miest bakalárska práca

Guardado en:
Detalles Bibliográficos
Autor principal: Michalko, Vladislav
Autor Corporativo: Fakulta hospodárskej informatiky EU. Katedra operačného výskumu a ekonometrie
Otros Autores: Hollá, Anna
Formato: Libro
Lenguaje:eslovaco
Publicado: Bratislava 2013
Etiquetas: Agregar Etiqueta
Sin Etiquetas, Sea el primero en etiquetar este registro!

MARC

LEADER 00000nbm a2200000 4500
001 0173126
005 20161109112140.2
041 0 |a slo 
044 |a SK 
245 1 0 |a Optimálne umiestnenie skladových a recyklačných centier/ zberných miest  |b bakalárska práca  |c Vladislav Michalko ; školiteľ: Anna Hollá 
264 1 |a Bratislava  |c 2013 
300 |a 36 s. 
100 1 |a Michalko, Vladislav 
700 1 |a Hollá, Anna 
710 2 |a Fakulta hospodárskej informatiky EU. Katedra operačného výskumu a ekonometrie